00854 am a2200229 a 450000500170000000800410001702000150005804100080007310000190008124501030010025000120020326000320021530000110024750001370025865300470039565300320044265300460047465300320052065300300055270000230058270000190060520231212111934.0100916s1997||||sp d f |||| 001 0 spa d a8425412056 aspa1 aWatzlawick, P. aTeoría de la comunicación humana.bInteracciones, patologías y paradojas / cPaul Watzlawick a11a ed. aBarcelona: bHerder;c1997. a260 p. aWatzlawick, P. (1997). Teoría de la comunicación humana. Interacciones, patologías y paradojas. (11a ed.). Barcelona : Herder. aAxiomas exploratorios de la comunicación aComunicación patológica aOrganización de la interacción humana aComunicación paradójica aParadojas en psicoterapia1 aBeavin Bavelas, J.1 aJackson, J. J.